000 00660nam a2200229 a 4500
008
020 _a9781337559881 (pbk.)
049 _aMAIN
090 _aQA371
_bZIL
100 _aZill, Dennis G.
245 0 _aDifferential equations with boundary value problems /
_cDennis G. Zill.
250 _a9th ed.
260 _aAustralia :
_bCengage Learning,
_c2013.
300 _ax, 559 [70] p. :
_bill. ;
_c25 cm.
500 _aIncludes Index.
650 _aDifferential equations.
907 _a.b10386725
_b09-11-17
_c08-11-17
003
005 20230123122321.0
040 _cNUST
942 _cBOOKS
_kQA371
_mZIL
999 _c131549
_d131549